| 000 | 00579nam a2200205 4500 | ||
|---|---|---|---|
| 001 | 123590 | ||
| 003 | ES-MaACL | ||
| 005 | 20250602063228.0 | ||
| 007 | t| | ||
| 008 | 070214s1957 sp r ||||1| spa d | ||
| 100 | 1 |
_aRahner, Karl, _d1904-1984 _995012 |
|
| 245 | 1 | 0 |
_aPalabras al silencio / _cCarlos Rahner. |
| 260 |
_aSan Sebastián : _bDinor, _c1957. |
||
| 300 |
_a105 p. ; _c19 cm. |
||
| 490 | 1 |
_aCrisma ; _v41 |
|
| 500 | _aTraducción del alemán. | ||
| 830 | 0 |
_aCrisma ; _v41 _9218949 |
|
| 852 |
_aES-MaACL _j1997-F-3 _bR.40674 |
||
| 999 |
_c123590 _d123590 |
||